Idea sobre las novelas: seguido de El autor de Los crímenes del amor a Villeterque, foliculario

Guardat en:
Dades bibliogràfiques
Autor principal: Sade, Marqués de (Autor)
Format: Llibre
Idioma:espanyol
Publicat: Barcelona Anagrama 1971
Col·lecció:Cuadernos Anagrama, 21
Matèries:
Etiquetes: Afegir etiqueta
Sense etiquetes, Sigues el primer a etiquetar aquest registre!

MARC

LEADER 00000cam a2200000 a 4500
001 UCG9712
003 CL-VaPUC
008 120330e19710000SP |||||||||||||||||spa|d
082 0 4 |a 843  |b SAD  |2 21 
100 0 |a Sade, Marqués de  |e author  |9 326719 
245 1 0 |a Idea sobre las novelas: seguido de El autor de Los crímenes del amor a Villeterque, foliculario 
300 |a 95 p 
942 |c BK 
945 |d 20120330 00:00:00  |a dcastane 
260 |a Barcelona  |b Anagrama  |c 1971 
650 0 |a Novela francesa  |9 264985 
650 0 |a Literatura francesa  |9 266330 
583 |a last modification  |c 20120330 10:33:00  |k Rodrigo Vera 
490 0 |a Cuadernos Anagrama, 21 
999 |c 347258  |d 347256 
952 |0 0  |1 0  |4 0  |6 843_000000000000000_SAD_1971  |7 0  |8 A  |9 448491  |a BIBART  |b BIBART  |d 2019-11-22  |i 480712K  |l 1  |o 843 SAD 1971  |p 480712K  |r 2025-03-13  |s 2021-09-21  |w 2019-11-22  |y BK  |k ART